[Event "HUN-ch U16"]
[Site "Balatonlelle"]
[Date "2016.06.25"]
[Round "3"]
[White "Toth, Tamas"]
[Black "Boa, Bence"]
[Result "1-0"]
[WhiteElo "2060"]
[BlackElo "1727"]
[PlyCount "127"]
[EventDate "2016.06.24"]
[EventType "swiss"]
[EventRounds "9"]
[EventCountry "HUN"]
[SourceTitle "CBM 173 Extra"]
[Source "ChessBase"]
[SourceDate "2016.08.29"]
[SourceVersion "1"]
[SourceVersionDate "2016.08.29"]
[SourceQuality "1"]

1. e4 c6 2. d4 d5 3. e5 e6 4. c4 Bb4+ 5. Nc3 Ne7 6. Nf3 dxc4 7. Bxc4 c5 8. 0-0 0-0 9. Bg5 cxd4 10. Nb5 a6 11. Nbxd4 Qc7 12. Rc1 Nbc6 13. Bd3 Qb6 14. Be3 Nd5 15. Bxh7+ Kh8 16. Be4 Nxe3 17. fxe3 g6 18. Bxc6 bxc6 19. Ng5 Kg7 20. Qf3 Qd8 21. Qf6+ Qxf6 22. exf6+ Kh6 23. Ne4 c5 24. Rf3 e5 25. Nb3 Bf5 26. Nexc5 e4 27. Rff1 Rfc8 28. a3 Bxc5 29. Nxc5 Rc6 30. h3 Rac8 31. b4 a5 32. Rb1 axb4 33. axb4 Rb6 34. g4 Be6 35. Nxe4 Rc4 36. Nc5 Bd5 37. Nd3 Be4 38. Ne5 Rc7 39. Rb2 Rb5 40. Nf3 Rcb7 41. Nd2 Bd5 42. Rfb1 Kg5 43. e4 Be6 44. Kf2 Kxf6 45. Nf3 Rd7 46. Ke3 Bc4 47. e5+ Ke7 48. Rc1 Be6 49. Rc5 Rb6 50. b5 Rdb7 51. Nd4 Bd7 52. Kd3 Ke8 53. Kc4 Ke7 54. Rb1 Be6+ 55. Nxe6 Kxe6 56. Ra1 Kd7 57. Ra6 Kd8 58. Rxb6 Rxb6 59. Rc6 Rb7 60. b6 Kd7 61. Kb5 Kd8 62. Ka6 Rb8 63. Ka7 Rxb6 64. Kxb6 1-0

[Event "HUN-chT Csongrad Region"]
[Site "Hungary"]
[Date "2015.11.22"]
[Round "5.4"]
[White "Boa, Bence"]
[Black "Miseta, Zsuzsanna"]
[Result "1-0"]
[WhiteElo "1688"]
[BlackElo "1718"]
[PlyCount "63"]
[EventDate "2015.09.20"]
[EventType "team-tourn"]
[EventRounds "9"]
[EventCountry "HUN"]
[SourceTitle "EXT 2017"]
[Source "ChessBase"]
[SourceDate "2016.10.25"]
[SourceVersion "1"]
[SourceVersionDate "2016.10.25"]
[SourceQuality "1"]

1. d4 d5 2. c4 e6 3. Nc3 Nc6 4. Nf3 g6 5. Bg5 Be7 6. Bxe7 Ngxe7 7. e3 f6 8. Qb3 0-0 9. cxd5 Nxd5 10. Nxd5 Qxd5 11. Bc4 Qd6 12. Qc3 Qb4 13. Qxb4 Nxb4 14. 0-0 Kg7 15. Rac1 Bd7 16. a3 Nc6 17. Bb5 Rac8 18. Nd2 Rfd8 19. Ne4 Nxd4 20. Bxd7 Ne2+ 21. Kh1 Nxc1 22. Bxc8 Nd3 23. Bxb7 Nxb2 24. Nc5 Rd6 25. g3 Nc4 26. a4 Rb6 27. Rc1 Nb2 28. a5 Rd6 29. Rc2 Nd3 30. Nxd3 Rxd3 31. Rxc7+ Kg8 32. a6 1-0

[Event "HUN-chT Csongrad Region"]
[Site "Hungary"]
[Date "2015.10.11"]
[Round "3.5"]
[White "Boa, Bence"]
[Black "Kis, Izabella"]
[Result "1-0"]
[WhiteElo "1688"]
[BlackElo "1293"]
[PlyCount "39"]
[EventDate "2015.09.20"]
[EventType "team-tourn"]
[EventRounds "9"]
[EventCountry "HUN"]
[SourceTitle "EXT 2017"]
[Source "ChessBase"]
[SourceDate "2016.10.25"]
[SourceVersion "1"]
[SourceVersionDate "2016.10.25"]
[SourceQuality "1"]

1. d4 d5 2. c4 e6 3. Nc3 Be7 4. Nf3 c6 5. e3 Nf6 6. Bd3 dxc4 7. Bxc4 Nbd7 8. e4 b6 9. d5 exd5 10. exd5 b5 11. Bb3 cxd5 12. Nxd5 0-0 13. 0-0 Bb7 14. Nxe7+ Qxe7 15. Be3 Rfd8 16. Ng5 h6 17. Nxf7 Kf8 18. Nxd8 Rxd8 19. Rc1 a5 20. Re1 1-0

[Event "HUN-chT2 Toth 1314"]
[Site "Hungary"]
[Date "2014.04.27"]
[Round "11.12"]
[White "Boa, Bence"]
[Black "Udvardi, Zalan"]
[Result "1-0"]
[WhiteElo "1614"]
[BlackElo "1535"]
[PlyCount "127"]
[EventDate "2013.09.08"]
[EventType "team-tourn"]
[EventRounds "11"]
[EventCountry "HUN"]
[SourceTitle "EXT 2016"]
[Source "ChessBase"]
[SourceDate "2015.10.08"]
[SourceVersion "1"]
[SourceVersionDate "2015.10.08"]
[SourceQuality "1"]
[WhiteTeam "Szeged Maroczy II"]
[BlackTeam "Szentes"]
[WhiteTeamCountry "HUN"]
[BlackTeamCountry "HUN"]

1. e4 c5 2. Nf3 e6 3. d4 cxd4 4. Nxd4 a6 5. Nc3 Nc6 6. Be3 Bb4 7. a3 Bxc3+ 8. bxc3 Nf6 9. f3 h6 10. Nxc6 bxc6 11. Qd6 Qe7 12. Qxe7+ Kxe7 13. c4 d6 14. Rd1 Rd8 15. Bb6 Rd7 16. Be2 Rb8 17. Bd4 e5 18. Bc3 Nh5 19. c5 dxc5 20. Bxe5 Rxd1+ 21. Bxd1 Rb7 22. 0-0 f6 23. Bc3 Nf4 24. Re1 Rb1 25. Kf2 Ne6 26. Ke3 g5 27. g3 Rb7 28. Be2 Rd7 29. Rd1 Rxd1 30. Bxd1 h5 31. f4 g4 32. Be2 Nc7 33. a4 Ne6 34. Bd3 Kf7 35. e5 fxe5 36. Bxe5 Bb7 37. c3 Bc8 38. Bc4 Kg6 39. Bd3+ Kf7 40. Ke4 Ke7 41. Ke3 Kf7 42. Bf5 Bd7 43. h3 gxh3 44. Bxh3 Ke7 45. f5 Ng5 46. f6+ Kd8 47. Bxd7 Kxd7 48. Kf4 Nf7 49. Kf5 Nh8 50. c4 Nf7 51. Bc3 Nd8 52. Kg6 Ke6 53. a5 Nf7 54. Kxh5 Nd6 55. g4 Ne4 56. Kg6 Nd6 57. g5 Nf7 58. Bd2 Nd6 59. Bf4 Nf5 60. Bh2 Nh4+ 61. Kg7 Nf5+ 62. Kg8 Nh4 63. Bg3 Ng6 64. Kg7 1-0

[Event "HUN-chT2 Toth 1314"]
[Site "Hungary"]
[Date "2013.11.03"]
[Round "4.11"]
[White "Farago, Balazs1111"]
[Black "Boa, Bence"]
[Result "0-1"]
[WhiteElo "1535"]
[BlackElo "1614"]
[PlyCount "50"]
[EventDate "2013.09.08"]
[EventType "team-tourn"]
[EventRounds "11"]
[EventCountry "HUN"]
[SourceTitle "EXT 2016"]
[Source "ChessBase"]
[SourceDate "2015.10.08"]
[SourceVersion "1"]
[SourceVersionDate "2015.10.08"]
[SourceQuality "1"]
[WhiteTeam "Kecskemet Takisz"]
[BlackTeam "Szeged Maroczy II"]
[WhiteTeamCountry "HUN"]
[BlackTeamCountry "HUN"]

1. Nf3 d5 2. g3 Nf6 3. Bg2 Nc6 4. d4 Bf5 5. b3 h6 6. Ba3 g6 7. 0-0 Bg7 8. e3 Bg4 9. Nbd2 0-0 10. Qc1 Nd7 11. c4 Nb6 12. h4 Re8 13. Nh2 Be6 14. Bb2 Qd7 15. e4 Nxd4 16. exd5 Ne2+ 17. Kh1 Nxc1 18. Bxg7 Kxg7 19. dxe6 Qxd2 20. Raxc1 fxe6 21. Bxb7 Rad8 22. Bc6 Rf8 23. Bf3 Qxa2 24. Rce1 Qxb3 25. Bg2 Qxc4 0-1